Som typograf, kto je viac Dukliansky polygraf dnes už zaujímavou históriuo

Bibliographic Details
Main Author: Krajňák, Peter (Author)
Format: Article
Language:Slovak
PhysicalDescription:Fotogr.
ISSN:1336-4030
Subjects:
Online Access:www.vecernik.po.sk

MARC

LEADER 00000nab a2200000 a 4500
001 vtls008999578
003 SK-MaSNL
005 20260303064831.0
008 070618c20070430xo dr n 000 00slo
038 |a SVKPOCL 
040 |a SVKPOCL  |b slo  |c AACR2  |e AACR2 
041 |a slo 
044 |a xo  |c SK 
080 |a 655  |2 2001 
080 |a 070.48  |2 2001 
080 |a (050)  |2 2001 
100 1 |a Krajňák, Peter  |4 aut  |9 343346 
245 1 0 |a Som typograf, kto je viac  |b Dukliansky polygraf dnes už zaujímavou históriuo  |c Dr. Peter Krajňák 
300 |a Fotogr. 
610 2 7 |a Duklianske tlačiarne (Prešov, Slovensko)  |2 svkpocl  |9 1064063 
630 0 7 |a Dukliansky polygraf (časopis)  |2 svkpocl  |9 103026 
651 7 |a Prešov (Slovensko)  |2 svkpocl  |9 17347 
773 0 |t Prešovský večerník  |g Roč. XVIII, č. 4189 (30.4.2007), s. 8  |x 1336-4030 
852 |a SVKPO  |b KIS3GCP 
856 4 1 |u www.vecernik.po.sk 
958 |a RG 
999 |c 1748713  |d 1750643